Trvale udržitelný rozvoj zemědělství a jeho mimoprodukční funkce v souvislostech současné agrární politiky.
Analýza a hodnotenie súvislostí agrárnej politiky a praktickej realizácie koncepcie trvale udržateľného poľnohospodárstva. Optimálne vyváženie produkčnej funkcie poľnohospodárstva s mimoprodukčnými funkciami. Metodické prístupy k riešeniu ekologických mimoprodukčných funkcií a ekologickej únosnosti...
Gespeichert in:
| 1. Verfasser: | |
|---|---|
| Format: | Buchkapitel |
| Sprache: | Tschechisch |
| Schlagworte: | |
| Tags: |
Keine Tags, Fügen Sie das erste Tag hinzu!
|
MARC
| LEADER | 00000naa a2200000 4500 | ||
|---|---|---|---|
| 001 | r009751 | ||
| 005 | 20220831091147.2 | ||
| 041 | 0 | |a cze | |
| 044 | |a [CS] | ||
| 245 | 1 | 0 | |a Trvale udržitelný rozvoj zemědělství a jeho mimoprodukční funkce v souvislostech současné agrární politiky. |c P. Krpálek |
| 520 | |a Analýza a hodnotenie súvislostí agrárnej politiky a praktickej realizácie koncepcie trvale udržateľného poľnohospodárstva. Optimálne vyváženie produkčnej funkcie poľnohospodárstva s mimoprodukčnými funkciami. Metodické prístupy k riešeniu ekologických mimoprodukčných funkcií a ekologickej únosnosti poľnohospodárstva podľa ekonomických a ekologických podmienok. | ||
| 610 | 2 | 0 | |a politika poľnohospodárska |
| 610 | 2 | 0 | |a funkcie produkčné |
| 610 | 2 | 0 | |a ekológia |
| 610 | 2 | 0 | |a metodika |
| 610 | 2 | 0 | |a analýza ekonomická |
| 610 | 2 | 0 | |a funkcie podniku mimoekonomické |
| 610 | 2 | 0 | |a rozvoj trvalo udržateľný |
| 100 | 1 | |a Krpálek, P. | |